000 01238nam a2200169 i 4500
001 186084
003 ES-MaACL
005 20230906222603.0
008 160907m19591962sp |||| | spa d
245 0 0 _aMaestros rusos :
_bnovelas, relatos, teatro /
_cselección e introducción de S.J. Arbatoff.
260 _aBarcelona :
_bPlaneta,
_c1959-1962.
300 _a4 v. ;
_c19 cm.
500 _aSon los vols. 1-3, 6.
505 8 _aContiene: 1. Alejandro Sergeievich Puschkin, Miguel Iurievich Lermontov, Nicolás Vasilievich Gogol, Feodor Mijailovich Dostoievski, León Nikolaievich Tolstoi (CXIX, 1900 p.) --- 2. Sergei TImofeievich Aksakov, Iván Alexandrovich Goncharov, Iván Sergeievich Turgueniev, Miguel Evgrafovich Saltykov (Chedrin), Nicolás Semionovich Leskov (CLXXIV, 1806 p.) --- 3. Dmitri Narkisovich Mamin (Sibiriak), Vladimir Galaktionovich Korolenko, Vsevolod Mijailovich Garshin, Antón Pavloich Chejov, Maxim Gorki (Alexei Maximovich Peshkov) (CCCXXXV, 1805 p.) -- -- 6. Andrei Belvyi (Boris Nikolaievich Bugaiev), Boris Konstantinovich Zaitzeff, Eugenio Ivanovich Zamiatin, Nikolai Vladimirovich Narokov, Víctor Borisovich Sven (CCXLVII, 1774 p.)
700 0 _aArbatoff, S. J.
_922379
852 _aES-MaACL
_jE-4914-17
999 _c186084
_d186084